000 00654nam a2200205Ii 4500
003 JO-AjNU
008 230605s9999||||xx |||||||||||||| ||und||
040 _aJO-AjNU
_bara
_erda
_cJO-AjNU
041 _aara
050 1 4 _aPJ7542.M35.N3722 1999
100 3 _aاعداد ناصيف، اميل,
_eauthor
_924169
245 0 0 _aأروع ما قيل في الرجل
250 _aط1
264 3 1 _aبيروت: دار الجيل،1999
300 _a128ص
336 _atext
_btxt
_2rdacontent
337 _aunmediated
_bn
_2rdamedia
338 _avolume
_bnc
_2rdacarrier
650 4 _aالشعر العربي-الرجال في الادب العربي
_924170
999 _aA8857
_c12425
_d12425